Novación : efectos en los negocios modernos /

Guardado en:
Autor Principal: Gagliardo, Mariano.
Otros Autores: Alterini, Jorge Horacio, (prol.)
Formato: Libro
Idioma:Spanish
Publicado: Buenos Aires : Astrea, 2014.
Edición:1a. ed.
Materias:
Etiquetas: Agregar Etiqueta
Sin Etiquetas, Sea el primero en etiquetar este registro!
LEADER 00691nam a22001695a 4500
001 DER.der013994
008 190906s2014####ag############000#0#spa#d
005 20251223144038.0
245 1 0 |a Novación :  |b efectos en los negocios modernos /  |c Mariano Gagliardo ; prólogo de Jorge Horacio Alterini. 
250 |a 1a. ed. 
260 |a Buenos Aires :  |b Astrea,  |c 2014. 
300 |a 264 p. 
505 0 |a Alteraciones que novan y situaciones que no lo hacen. Cambios de sujetos. Cesiones. Relaciones accesorias. Interacción con otras figuras. Jurisprudencia 
100 1 |a Gagliardo, Mariano. 
700 1 |a Alterini, Jorge Horacio,  |e prol. 
650 7 |a OBLIGACIONES 
859 |a DERECHO  |b BIB. DERECHO  |h 346.02  |i GAG  |p 009208